"Detailed demand for grants of revenue, relief and rehabilitation,department for 1982-83.Govt. of jammu and kashmir" (Record no. 690728)

MARC details
000 -LEADER
fixed length control field 00762nam a2200241Ia 4500
003 - CONTROL NUMBER IDENTIFIER
control field OSt
005 - DATE AND TIME OF LATEST TRANSACTION
control field 20220927105119.0
008 - FIXED-LENGTH DATA ELEMENTS--GENERAL INFORMATION
fixed length control field 220926b |||||||| |||| 00| 0 eng d
037 ## - SOURCE OF ACQUISITION
Terms of availability Reference Collections
040 ## - CATALOGING SOURCE
Original cataloging agency RTL
Transcribing agency RTL
Language of cataloging eng
041 ## - LANGUAGE CODE
Source of code eng
Language code of text/sound track or separate title eng
110 ## - MAIN ENTRY--CORPORATE NAME
Corporate name or jurisdiction name as entry element JAMMU & KASHMIR
9 (RLIN) 370264
245 #0 - TITLE STATEMENT
Title "Detailed demand for grants of revenue, relief and rehabilitation,department for 1982-83.Govt. of jammu and kashmir"
260 ## - PUBLICATION, DISTRIBUTION, ETC.
Place of publication, distribution, etc. Jammu
Name of publisher, distributor, etc. Ranbir Govt. press
Date of publication, distribution, etc. 1982
500 ## - GENERAL NOTE
General note No. 14-23
700 ## - ADDED ENTRY--PERSONAL NAME
Personal name JAMMU & KASHMIR
9 (RLIN) 370265
942 ## - ADDED ENTRY ELEMENTS (KOHA)
Classification part "X71m247, N53. N82, M2"
Koha item type
Holdings
Withdrawn status Lost status Damaged status Not for loan Home library Current library Date acquired Total Checkouts Full call number Barcode Date last seen Price effective from Koha item type
        Ratan Tata Library Ratan Tata Library 2022-09-27   "X71m247 N53. N82 M2" RT0765909 2022-09-27 2022-09-27  
Copyright @ Delhi University Library System